000
00317nam a22001457a 4500
008
210511b ||||| |||| 00| 0 eng d
020
_a
9780312403621
041
_a
eng
080
_2
6th
_a
32
082
_a
32
100
_a
19
101
_a
SHP
245
_a
America Firsthand
_c
Robert D. Marcus
942
_2
udc
_c
BK
999
_c
57246
_d
57246